Statistics (Record no. 1056)

MARC details
005 - DATE AND TIME OF LATEST TRANSACTION
control field 20250403093911.0
020 ## - INTERNATIONAL STANDARD BOOK NUMBER
International Standard Book Number 7121-1910-8
082 ## - DEWEY DECIMAL CLASSIFICATION NUMBER
Classification number 519 HAR
100 ## - MAIN ENTRY--PERSONAL NAME
Author name HARPER, W . M.
245 ## - TITLE STATEMENT
Title Statistics
260 ## - PUBLICATION, DISTRIBUTION, ETC.
Place of publication, distribution, etc. London,
Name of publisher, distributor, etc. McDonald,
Date of publication, distribution, etc. 1965.
300 ## - PHYSICAL DESCRIPTION
Extent xv, 293p.: ill.; figure, table
Other physical details index
Dimensions 18cm
942 ## - ADDED ENTRY ELEMENTS (KOHA)
Source of classification or shelving scheme Dewey Decimal Classification
Koha item type Books
Holdings
Date last seen Total checkouts Full call number Barcode Cost, replacement price Price effective from Koha item type Lost status Source of classification or shelving scheme Damaged status Not for loan Withdrawn status Home library Current library Shelving location Date acquired Cost, normal purchase price
04/03/2025   519 HAR 0000004084 30000.00 04/03/2025 Books   Dewey Decimal Classification       College of Business Education Main Library College of Business Education Main Library General Collection 04/03/2025 15000.00
04/03/2025   519 HAR 0000004085 30000.00 04/03/2025 Books   Dewey Decimal Classification       College of Business Education Main Library College of Business Education Main Library General Collection 04/03/2025 15000.00
04/03/2025   519 HAR 0000004086 30000.00 04/03/2025 Books   Dewey Decimal Classification       College of Business Education Main Library College of Business Education Main Library General Collection 04/03/2025 15000.00
04/03/2025   519 HAR 0000004087 30000.00 04/03/2025 Books   Dewey Decimal Classification       College of Business Education Main Library College of Business Education Main Library General Collection 04/03/2025 15000.00
04/03/2025   519 HAR 0000004088 30000.00 04/03/2025 Books   Dewey Decimal Classification       College of Business Education Main Library College of Business Education Main Library General Collection 04/03/2025 15000.00
04/03/2025   519 HAR 0000004121 30000.00 04/03/2025 Books   Dewey Decimal Classification       College of Business Education Main Library College of Business Education Main Library General Collection 04/03/2025 15000.00